Business Heroes Making Business Renewal You Personal Crusade (Record no. 41240)

MARC details
000 -LEADER
fixed length control field 00400nam a2200133Ia 4500
008 - FIXED-LENGTH DATA ELEMENTS--GENERAL INFORMATION
fixed length control field 240719s9999 xx 000 0 und d
041 ## - LANGUAGE CODE
Language code of text/sound track or separate title eng
082 ## - DEWEY DECIMAL CLASSIFICATION NUMBER
Classification number 338.0973 DUN
100 ## - MAIN ENTRY--PERSONAL NAME
Personal name Dunlop Sandy
245 ## - TITLE STATEMENT
Title Business Heroes Making Business Renewal You Personal Crusade
260 ## - PUBLICATION, DISTRIBUTION, ETC.
Place of publication, distribution, etc. United Kingdom
Name of publisher, distributor, etc. CAPSTONE
Date of publication, distribution, etc. 1997
300 ## - PHYSICAL DESCRIPTION
Extent 169.; P. 24 Cm.
520 ## - SUMMARY, ETC.
Summary, etc. Gifted By : IMT Faculty Dr.senthil kumar
Holdings
Withdrawn status Lost status Damaged status Not for loan Home library Current library Shelving location Date acquired Full call number Barcode Date last seen Price effective from Koha item type Public note
        IMTN IMTN Rack 11-B 05/24/2023 338.0973 DUN 32935 07/19/2024 07/19/2024 Books Gifted
Designed & Maintained by: LRC IMT Nagpur Contact: lrc@imtnag.ac.in© 2024. All Rights Reserved.